00855 2200289 4500001002100000005001700021008004100038020002200079035002400101040001200125082001700137084001700154090002100171100002700192245010400219250001100323260004400334300002800378504002900406650001500435650001600450700002800466700002100494700001600515850001200531990002200543INLIS00000000002953420170728102707.0  a978-602-1546-06-2 0010-071700000000704 aYOPDYOG042[23]a302.23 a302.23 Fad K aDEP 302.23 Fad K0 aFADJARINI SULISTYOWATI1 aKomunikasi dan realitas media di Indonesiac/ Fadjarini Sulistyowati, Tri Agus Susanto, Sahrul Aksa aCet. 12 aYogyakartabLintang Pustaka Utamac2013 aviii, 72 hlm.c; 21 cm. aBibliografi : hlm. 71-72 4aKomunikasi 4aMedia massa0 aFadjarini Sulistytowati0 aTri Agus Susanto0 aSahrul Aksa aYOPDYOG aCB-D.11/2013-2634